000 00817cab a2200181 4500
001 ##L133537
008 060517n2006 000 0 eng u
035 _a(Sirsi) u133537
041 0 _aeng
100 1 _aRose, James
245 0 4 _aThe run of the town
260 _c2006
490 0 _aBuilding
_v271(8430) 12 May 2006, 42-45(4)
520 _aDiscusses some of the key issues involved in management buyouts, which are becoming increasingly common in the construction industry. Considers how and why opportunities for a buyout arise, funding options, management of the bid, dealing with rival bids, and coping with due diligence investigations. Also assesses why some buyouts fail, either at the time or later.
590 _aIKA230506
690 _aMANAGEMENT-BUSINESS MANAGEMENT-BUSINESS PLANNING
942 _n0
999 _c77072
_d77072